Statistics for 2018 FIFA World Cup Sponsors

Click here to take the quiz!

General Stats

  • This quiz has been taken 24 times
  • The average score is 6 of 15

Answer Stats

CountryIndustryAnswer% Correct
South KoreaAutomotiveHyundai
85%
RussiaOil and gasGazprom
80%
GermanyAppareladidas
70%
USABeverageCoca-Cola
70%
QatarAviationQatar Airways
70%
USABeverageBudweiser
55%
USARestaurantsMcDonald's
55%
USAFinancial servicesVisa
40%
ChinaConglomerate万达 Wanda
35%
ChinaElectronics, Home appliancesHisense
20%
ChinaConsumer electronicsVivo
10%
ChinaApparel帝牌 Diking
5%
ChinaConsumer electronicsLuci
5%
ChinaDiary蒙牛 Mengniu
5%
ChinaElectric vehicle雅迪 Yadea
5%

Score Distribution

Percentile by Number Answered

Percent of People with Each Score

Your Score History

You have not taken this quiz